| 000 | 00633nam a2200193Ia 4500 | ||
|---|---|---|---|
| 003 | GCL | ||
| 008 | 140319s9999 xx 000 0 ara d | ||
| 040 |
_aGCL / _cGCL |
||
| 082 | 0 | 4 |
_aط _b922.1 _bم ع |
| 100 | 1 | _aمحمد كامل حسن | |
| 245 | 1 | 0 |
_aعلى بن ابى طالب (عليه السلام) / _cمحمد كامل حسن |
| 260 |
_a[S.N] : _bمنشورات المكتب العالمى ، _c1983 |
||
| 490 |
_aعظماء الاسلام _v0 |
||
| 650 | 0 | 4 | _aالاطفال |
| 650 | 0 | 4 | _aاعلام العرب |
| 650 | 0 | 4 | _aعبدالمطلب بن هاشم |
| 650 | 0 | 4 | _aعلى بن ابى طالب |
| 942 |
_2ddc _cBK |
||
| 999 |
_c56575 _d56575 |
||